=LDR 00000nam 2200000 4500 =001 INLIS000000000017988 =005 20130612113155 =008 ***********************************Ind** =035 ##$$0010-061300000017988 =041 ##$$a Ind =082 ##$$a 658.812 =090 ##$$a 658.812, Tem r =100 ##$$a Temporal, Paul =245 ##$$a Romancing the customer, memaksimalkan nilai merek melalui relationship management, Paul Temporal =260 ##$$a 2002 $b Jakarta =300 ##$$a xiii, 180 hlm, 23 cm =650 ##$$a Manajemen Penjualan =850 ##$$a NBPNMAT =990 ##$$a 83708370 =990 ##$$a 20604949